[Event "Caplin British Online-ch Women 2020"]
[Site "Online"]
[Date "2020.12.30"]
[Round "7.1"]
[White "Putar, Lara"]
[Black "Arakhamia-Grant, Ketevan"]
[Result "0-1"]
[WhiteElo "1930"]
[BlackElo "2380"]
[Annotator "TA"]
[PlyCount "132"]
[EventDate "2020.12.21"]
[EventType "swiss"]
[EventCountry "NET"]
[SourceTitle "playchess.com"]
[Source "ChessBase"]
[SourceQuality "1"]

{[%evp 11,132,54,56,52,53,44,48,43,55,47,64,41,50,25,34,32,22,22,22,21,24,10,21,0,0,2,4,0,6,0,-2,-35,0,0,0,0,25,-86,-85,-84,-73,-113,-90,-137,-97,-192,-164,-162,-78,-103,-113,-131,-125,-186,-8,-17,-8,0,0,-13,0,-44,0,-57,0,-115,-117,-122,-97,-95,-100,-161,-119,-263,244,-375,-337,-456,-473,-435,-307,-441,-289,-464,-408,-401,-360,-422,-266,-585,-381,-407,0,-456,0,-429,-398,-417,-415,-410,-399,-490,-490,-473,-467,-435,-48,-48,-48,-56,-52,-512,-496,-1127,-1114,-1457,-1417,-1041,-1029,-29981,-29982,-29985,-29986]} 1. d4 Nf6 2. c4 c5 3. d5 e5 4. Nc3 d6 5. e4 Be7 6. g3 Na6 7. Bg2 {A56: Czech Benoni.} Nc7 8. f4 exf4 9. Bxf4 {White is slightly better.} Ng4 10. Nf3 Bf6 {[#]} 11. O-O $146 ({Predecessor:} 11. h3 Ne5 12. Nxe5 dxe5 13. Be3 b6 14. Qd2 O-O 15. O-O Ne8 16. Rac1 Ba6 17. b3 {1-0 (47) Szymczak,Z (2345)-Alber,H (2340) Litomerice 1990}) 11... O-O $1 12. h3 Ne5 13. Nxe5 Bxe5 14. Bxe5 dxe5 15. Qh5 f6 16. Rf2 Ne8 17. Raf1 Nd6 18. b3 Bd7 19. Qe2 a6 20. g4 h6 21. a4 Qa5 22. Qe3 Qb4 23. Na2 Qa3 24. Re1 (24. Rc1 $1 $11 {remains equal.}) 24... b5 $17 25. axb5 axb5 26. Bf1 Rfb8 27. b4 cxb4 28. Qxa3 (28. c5 $17 b3 29. Nc3) 28... bxa3 $19 29. c5 {[#]} Nf7 (29... b4 $1 $19 {Strongly threatening ...Nf7.} 30. cxd6 (30. Nxb4 Rxb4) 30... b3) 30. c6 Be8 31. Rb1 Nd6 32. Rb4 (32. Bd3 $17) 32... Kf8 $2 ({Black should play} 32... Ra4 $1 $19 {Threatens to win with ...Rba8.} 33. Rb3 Bg6) 33. Nc3 $11 Ke7 34. Ra2 Ra5 35. Kf2 Kd8 36. Kf3 Kc7 37. Bd3 (37. Nb1 $1 $11) 37... Bg6 (37... Bf7 $15) 38. h4 (38. Nb1 $11 {keeps the balance.}) 38... h5 $17 39. Kg3 hxg4 40. Kxg4 Kb6 41. Ra1 (41. h5 $17 {might work better.} Be8 42. Nxb5 Nxb5 43. Rxb5+ Rxb5 44. Bxb5 Kxb5 45. Rxa3) 41... Kc5 42. Na2 (42. Rb3 $17) 42... Ra4 $4 {[%mdl 8192]} (42... Rf8 $19 {avoids the disaster.} 43. Kg3 Kb6) 43. Rab1 $4 {[%mdl 8192]} (43. Rc1+ $18 Kb6 44. c7) 43... Rxb4 $19 44. Rxb4 Ra8 45. Bc2 Rh8 46. Kg3 (46. Rb3 $142) 46... Bh5 47. Bd3 $2 (47. Rb3 {was called for.}) 47... Ra8 48. Rb1 Bg6 49. Kf3 Kb6 50. Rb4 $2 (50. Ke3 {nothing else works.}) 50... Rh8 51. Kg3 Kc5 $2 (51... Bf7 $19 {White must now prevent ...f5!} 52. Rb1 f5) 52. Kg4 $2 {[%mdl 8192]} (52. Bc2 $1 $11 {and White stays safe.} Ra8 53. Kf2) 52... Bh5+ 53. Kg3 Bd1 54. Rb1 {[#]} Ba4 55. Rc1+ Kd4 56. Bb1 Bb3 57. Nb4 Bc4 58. Nc2+ Kc3 $2 (58... Kxe4 $19 59. Nxa3+ Kxd5) 59. Nxa3+ $15 Kb2 60. Nxc4+ bxc4 {[%mdl 4096] Endgame KRB-KRN} 61. Rg1 $2 {[%mdl 8192] [#]} (61. Rf1 $15) 61... Ra8 $1 $19 {[%cal Ra8a1] ...Ra1 is the strong threat.} 62. Kf2 (62. Kf3 $142 Ra1 63. Rxg7 Kxb1 64. Rg8) 62... Ra1 63. Rxg7 Rxb1 64. c7 c3 {[%cal Bc4c3,Bc3c2][%mdl 32]} 65. Ke3 c2 66. Rg2 Kc3 {Weighted Error Value: White=0.65/Black=0.66} 0-1

[Event "Caplin British Online-ch Women 2020"]
[Site "Online"]
[Date "2020.12.30"]
[Round "7.2"]
[White "Pert, Nina"]
[Black "Ciuksyte, Dagne"]
[Result "1-0"]
[WhiteElo "1537"]
[BlackElo "2294"]
[Annotator "TA"]
[PlyCount "41"]
[EventDate "2020.12.21"]
[EventType "swiss"]
[EventCountry "NET"]
[SourceTitle "playchess.com"]
[Source "ChessBase"]
[SourceQuality "1"]

{[%evp 11,41,-15,-1,0,0,0,0,0,0,0,0,0,3,0,2,0,0,0,0,-12,22,-13,0,-58,-65,-85,-42,-106,-35,-94,89,78]} 1. e4 e6 2. d4 d5 3. Nc3 Bb4 4. e5 c5 5. Bd2 Ne7 6. dxc5 O-O 7. Bd3 {C17: French: 3 Nc3 Bb4 4 e5 c5 sidelines.} Nd7 8. Qg4 Bxc3 9. Bxc3 {The position is equal.} Nxc5 10. Nf3 {[#] aiming for Bxh7+!} Nxd3+ 11. cxd3 {[#]} a5 $146 ({Predecessor:} 11... b6 12. Bb4 Re8 13. Bxe7 Qxe7 14. O-O Ba6 15. Rfd1 Rec8 16. a3 Rc2 17. Rab1 Rac8 {1-0 (58) Stojanovic,D (2485)-Arapovic,V (2363) Jahorina 2012}) 12. h4 Bd7 13. h5 h6 $1 14. Rh3 Rc8 15. Qf4 b5 {[%cal Bb7b5,Bb5b4][%mdl 32]} 16. Nh4 b4 17. Bd4 (17. Bd2 $11) 17... Kh7 $15 18. g4 Bb5 19. Rg3 (19. Qd2 $15) 19... Nc6 (19... g5 $17 20. hxg6+ fxg6) 20. Nf3 g5 $2 {[#]} (20... Bxd3 $17 {keeps the pressure on. Strongly threatening ...Be4.} 21. Bc5 Ne7) 21. hxg6+ $1 {Weighted Error Value: White=0.16/Black=0.30} 1-0

[Event "Caplin British Online-ch Women 2020"]
[Site "Online"]
[Date "2020.12.30"]
[Round "7.3"]
[White "Arora, Tashika"]
[Black "Kanyamarala, Trisha"]
[Result "0-1"]
[WhiteElo "1744"]
[BlackElo "2180"]
[Annotator "TA"]
[PlyCount "106"]
[EventDate "2020.12.21"]
[EventType "swiss"]
[EventCountry "NET"]
[SourceTitle "playchess.com"]
[Source "ChessBase"]
[SourceQuality "1"]

{[%evp 10,105,26,0,0,0,0,0,25,11,21,25,27,18,30,14,14,15,25,8,78,0,18,0,14,-11,-15,-50,0,-18,-24,-85,-26,-63,-64,-113,-108,-86,-103,-113,-110,-139,-129,-235,-227,-390,-399,-624,-629,-1581,-1579,-1652,-1652,-29995,-29987,-29987,-29988,-29988,-29989,-29989,-29984,-29993,-29994,-29994,-29993,-29994,-29990,-29989,-29989,-29991,-29992,-29992,-29993,-29993,-29994,-29995,-29995,-29995,-29994,-29994,-29995,-29995,-29994,-29995,-29996,-29996,-29997,-29997,-29997,-29997,-29998,-29998,-29998,-29998,-29998,-29998,-29999,-29999]} 1. d4 Nf6 2. c4 e6 3. g3 d5 4. Bg2 dxc4 5. Nf3 a6 6. Ne5 Bb4+ {E04: Open Catalan: 5 Nf3.} 7. Nc3 Nd5 8. Bd2 b5 {The position is equal.} 9. O-O Bxc3 10. bxc3 O-O 11. a4 {aiming for axb5.} c6 12. Qc2 {[#]} Bb7 $146 ({Predecessor:} 12... f6 13. Ng4 Nd7 14. e4 Ne7 15. axb5 cxb5 16. Bc1 Bb7 17. Ba3 Re8 18. Rfd1 Qb6 {½-½ (63) Bareev,E (2653)-Korotylev,A (2616) Krasnoyarsk 2007}) 13. Rfb1 Qc8 14. Qb2 {Strongly threatening Nxc4!} Ra7 (14... Nb6 $11) 15. Qa3 (15. axb5 cxb5 16. e4 Nf6 $11) (15. e4 $16 f6 16. exd5 (16. axb5 cxb5 17. exd5 fxe5 $11) 16... fxe5 17. dxe6 (17. axb5 cxb5 18. dxe5 Bxd5 $11) (17. dxe5 exd5 18. f4 Ra8 $16) 17... Qxe6 18. Be3) 15... f6 16. Nf3 Ra8 17. Bc1 Nd7 {[%cal Bb8d7,Bd7e5,Be5d3][%mdl 32]} 18. Nd2 Rb8 19. e4 Nc7 20. Qb4 (20. Nf1 $11 {keeps the balance.}) 20... Ba8 ({Better is} 20... c5 $17 21. Qa5 (21. dxc5 Ne5 $15) 21... f5) 21. Ba3 c5 $1 {[%cal Rc5b4]} 22. dxc5 {Black continues to play with concentration.} Ne5 23. Qb2 Nd3 ({Of course not} 23... bxa4 $6 24. Qa2 $11) 24. Qc2 Bc6 25. f4 Rd8 26. Bf1 {[#]} (26. Rd1 $17 {was necessary.}) 26... f5 $1 $19 ({Avoid the trap} 26... bxa4 $2 27. Nxc4 Rxb1 28. Rxb1 $18) 27. exf5 $2 (27. Bg2) 27... exf5 28. Bxd3 (28. axb5 $142 axb5 29. Nb3 cxb3 30. Qxb3+ Bd5 31. Qc2) 28... Rxd3 29. Qb2 {Black should prevent Nxc4!} Qe6 {( -> ...Qd5)} 30. Re1 Qd5 {[%csl Gc6][%cal Rd5g2]} 31. Re2 Qh1+ {Black mates.} 32. Kf2 Qxh2+ {[%mdl 64] Double Attack} 33. Ke1 Qxg3+ {[%mdl 64] Double Attack} 34. Kd1 Bf3 35. axb5 Bxe2+ 36. Kc2 Nxb5 37. Bb4 Rbd8 38. Nxc4 Qxf4 39. Qb3 {[#]} Nd4+ $1 40. cxd4 Rxb3 {[%mdl 64] Discovered Attack} 41. Kxb3 Bxc4+ 42. Ka4 Qxd4 43. Re1 Qd7+ 44. Ka3 Qd3+ 45. Ka4 Qb3+ 46. Ka5 Rb8 {[%csl Gb8][%cal Rb3b4]} 47. Re8+ Rxe8 48. Kb6 Qxb4+ 49. Kc6 Qb5+ 50. Kd6 Re6+ 51. Kc7 Qc6+ 52. Kb8 Re8+ 53. Ka7 Ra8# {Weighted Error Value: White=0.46/Black=0.06} 0-1

[Event "Caplin British Online-ch Women 2020"]
[Site "Online"]
[Date "2020.12.30"]
[Round "7.4"]
[White "Smith, Olivia"]
[Black "Emelianova, Maria"]
[Result "1-0"]
[WhiteElo "2012"]
[BlackElo "2113"]
[Annotator "TA"]
[PlyCount "63"]
[EventDate "2020.12.21"]
[EventType "swiss"]
[EventCountry "NET"]
[SourceTitle "playchess.com"]
[Source "ChessBase"]
[SourceQuality "1"]

{[%evp 12,63,0,-1,21,12,10,12,13,9,10,9,27,25,10,18,18,19,26,-16,-16,-18,51,38,120,54,114,120,241,107,104,95,170,125,227,154,133,78,72,91,142,150,144,133,158,163,166,160,152,127,546,541,517,502]} 1. Nf3 Nf6 2. g3 g6 3. Bg2 Bg7 4. O-O O-O 5. d3 d5 6. Nbd2 c5 7. e4 d4 {A08: King's Indian Attack.} 8. a4 Nc6 9. Nc4 Bg4 {The position is equal.} 10. h3 Be6 11. b3 {[#]} a6 $146 ({Predecessor:} 11... Rc8 12. Bd2 Nd7 13. Ng5 Nde5 14. Nxe6 fxe6 15. f4 Nxc4 16. bxc4 e5 17. f5 Qe8 {1-0 (26) Solomons,D (2111)-Breytenbach,J (1609) Bloemfontein 2017}) 12. Ng5 Bxc4 13. bxc4 e5 14. f4 Nh5 15. Kh2 Bh6 16. h4 Qe7 (16... exf4 $11 17. gxf4 Bg7) 17. f5 $1 $14 Nd8 ({Better is} 17... f6 $14) 18. Bh3 (18. Qf3 $16) 18... Re8 (18... Nc6 $14) 19. Rb1 $16 f6 (19... Rf8 $16) 20. Nf3 (20. fxg6 $18 {has better winning chances.} hxg6 21. Rb6 $1) 20... Bxc1 21. Qxc1 Kh8 (21... gxf5 $16 {is a better defense.} 22. Bxf5 Ng7) 22. Bg4 {Threatens to win with fxg6.} Nf7 (22... Qg7 $16 {was called for.}) 23. fxg6 hxg6 24. Bxh5 (24. Kg2 $142) 24... gxh5 25. Rb6 Rg8 ({Black should play} 25... Kg7) 26. Ng1 Rg6 {[#]} 27. Qd1 $1 Rag8 28. Qxh5+ Rh6 29. Qf5 {[%cal Rb6f6]} Nd6 30. Qf2 Nc8 $2 {[%mdl 8192]} (30... a5 $16 {is tougher.} 31. Rfb1 Rg7) 31. Rxf6 $18 Rh7 32. Rf7 {Weighted Error Value: White=0.23/Black=0.61} 1-0

[Event "Caplin British Online-ch Women 2020"]
[Site "Online"]
[Date "2020.12.30"]
[Round "7.5"]
[White "Lampard, Alice"]
[Black "Varney, Zoe"]
[Result "1-0"]
[WhiteElo "1763"]
[BlackElo "1917"]
[Annotator "TA"]
[PlyCount "85"]
[EventDate "2020.12.21"]
[EventType "swiss"]
[EventCountry "NET"]
[SourceTitle "playchess.com"]
[Source "ChessBase"]
[SourceQuality "1"]

{[%evp 9,85,18,23,22,33,11,6,10,14,9,12,8,22,0,23,25,22,27,19,16,44,25,27,20,25,10,23,0,29,29,23,-12,-25,-10,18,23,12,0,123,75,145,147,140,67,157,153,167,158,184,169,158,156,150,141,154,152,266,240,1946,1962,1932,1932,1469,1766,1772,1770,1653,1504,29989,29990,29989,29988,29990,29989,29989,29990,29990,29982]} 1. e4 e5 2. Bc4 Nc6 3. Nf3 Bc5 4. d3 Nf6 5. c3 a6 6. a4 {C54: Giuoco Piano: 4 c3 Nf6, main lines with 5 d4 and 5 d3.} d6 7. h3 h6 8. O-O {The position is equal.} Ba7 9. b4 O-O 10. Nbd2 Re8 11. Qc2 Be6 12. Bxe6 Rxe6 13. Re1 Qd7 14. Nf1 Ree8 {[#]} 15. Be3 $146 ({Predecessor:} 15. Ng3 Ne7 16. Rb1 Rad8 17. d4 Ng6 18. Be3 exd4 19. Bxd4 Bxd4 20. cxd4 d5 21. e5 {1-0 (36) Karjakin,S (2760)-Malakhov,V (2686) Riadh 2017}) 15... Bxe3 16. Nxe3 Ne7 17. Rad1 Ng6 18. Nf1 Nf4 19. d4 Qe6 20. d5 Qd7 21. Ng3 N6h5 22. Nxh5 Nxh5 23. c4 g5 (23... a5 $11) 24. Nh2 Nf4 (24... a5 $142) 25. Ng4 $36 {[%mdl 2048] White has strong initiative.} Kg7 26. Kh2 (26. c5 $16) 26... h5 (26... a5 $14) 27. Ne3 h4 28. Nf5+ Kg6 29. g3 hxg3+ 30. fxg3 Nh5 31. Rf1 Rh8 32. Qe2 Rh7 (32... Rad8 $16 {was called for.} 33. b5 axb5) 33. Qg4 $18 {And now Nh4+ would win.} Nf6 $2 (33... f6 34. h4 Rg8) 34. Nh4+ $1 Rxh4 {[#]} 35. Rxf6+ $1 {[%mdl 512]} Kxf6 36. Qxd7 Rh7 37. Rf1+ Kg6 38. Qxc7 Rah8 39. Qxd6+ {[%mdl 64] [#] Double Attack. White mates.} Kg7 40. Qf6+ Kf8 41. Qd8+ Kg7 42. Qxg5+ {[%mdl 64] Double Attack} Kf8 43. h4 {Weighted Error Value: White=0.09/Black=0.46} 1-0

[Event "Caplin British Online-ch Women 2020"]
[Site "Online"]
[Date "2020.12.30"]
[Round "7.6"]
[White "Oh, Julie"]
[Black "Dicen, Imogen"]
[Result "0-1"]
[WhiteElo "1168"]
[BlackElo "1630"]
[Annotator "NA RC"]
[PlyCount "102"]
[EventDate "2020.12.21"]
[EventType "swiss"]
[EventCountry "NET"]
[SourceTitle "playchess.com"]
[Source "ChessBase"]
[SourceQuality "1"]

1. e4 {[%emt 0:00:07]} c5 {[%emt 0:00:09]} 2. Nc3 {[%emt 0:00:32]} Nc6 {[%emt 0:00:06]} 3. Bb5 {[%emt 0:00:47]} d6 {[%emt 0:00:20]} 4. Bxc6+ {[%emt 0:00:20]} bxc6 {[%emt 0:00:00]} 5. f4 {[%emt 0:00:40]} g6 {[%emt 0:00:06]} 6. Nf3 {[%emt 0:00:58]} Bg7 {[%emt 0:00:05]} 7. O-O {[%emt 0:01:23]} Nf6 {[%emt 0:01:24]} 8. d3 {[%emt 0:00:52]} O-O {[%emt 0:01:29]} 9. Qe1 {[%emt 0:02:37]} Qc7 {[%emt 0:01:26]} 10. f5 {[%emt 0:05:22]} e6 {[%emt 0:04:22]} 11. Qh4 {[%emt 0:03:58]} exf5 {[%emt 0:06:36]} 12. Ng5 {[%emt 0:10:44]} h6 {[%emt 0:04:32]} 13. Nf3 {[%emt 0:02:46]} h5 {[%emt 0:01:07]} 14. Bg5 {[%emt 0:04:41]} Nh7 {[%emt 0:00:22]} 15. exf5 {[%emt 0:03:04]} Bxf5 {[%emt 0:00:30]} 16. Ne4 {[%emt 0:01:38]} Bxe4 {[%emt 0:01:35]} 17. dxe4 {[%emt 0:01:26]} Nxg5 {[%emt 0:01:22]} 18. Nxg5 {[%emt 0:01:45]} Qe7 {[%emt 0:00:26]} 19. g4 {[%emt 0:01:37]} Bh6 {[%emt 0:00:33]} 20. Nf3 {[%emt 0:01:57]} Qxh4 {[%emt 0:01:12]} 21. Nxh4 {[%emt 0:00:07]} hxg4 {[%emt 0:00:02]} 22. Kg2 {[%emt 0:00:52]} Rfe8 {[%emt 0:00:25]} 23. Rae1 {[%emt 0:00:49]} Re6 {[%emt 0:00:27]} 24. Re2 {[%emt 0:01:14]} Rae8 {[%emt 0:00:35]} 25. Rfe1 {[%emt 0:00:10]} Bg5 {[%emt 0:00:16]} 26. Kg3 {[%emt 0:00:23]} Bxh4+ {[%emt 0:00:35]} 27. Kxh4 {[%emt 0:00:03]} f5 {[%emt 0:00:04]} 28. Kg3 {[%emt 0:00:38]} Kg7 {[%emt 0:00:14]} 29. Kf4 {[%emt 0:00:15]} Kf6 {[%emt 0:00:12]} 30. c4 {[%emt 0:00:23]} g5+ {[%emt 0:00:28]} 31. Kg3 {[%emt 0:00:05]} Rxe4 {[%emt 0:00:19]} 32. Rxe4 {[%emt 0:00:14]} Rxe4 {[%emt 0:00:00]} 33. Rxe4 {[%emt 0:00:13]} fxe4 {[%emt 0:00:00]} 34. Kxg4 {[%emt 0:00:23]} d5 {[%emt 0:00:09]} 35. b3 {[%emt 0:00:13]} d4 {[%emt 0:00:03]} 36. Kg3 {[%emt 0:00:03]} Kf5 {[%emt 0:00:02]} 37. Kf2 {[%emt 0:00:18]} Kf4 {[%emt 0:00:04]} 38. a3 {[%emt 0:00:12]} e3+ {[%emt 0:00:14]} 39. Ke2 {[%emt 0:00:14]} d3+ {[%emt 0:00:02]} 40. Kxd3 {[%emt 0:00:28]} Kf3 {[%emt 0:00:02]} 41. b4 {[%emt 0:00:05]} e2 {[%emt 0:00:09]} 42. b5 {[%emt 0:00:12]} e1=Q {[%emt 0:00:18]} 43. bxc6 {[%emt 0:00:19]} Qe4+ {[%emt 0:00:02]} 44. Kc3 {[%emt 0:00:04]} Qxc6 {[%emt 0:00:01]} 45. Kb3 {[%emt 0:00:03]} Ke2 {[%emt 0:00:03]} 46. h3 {[%emt 0:00:06]} Kd1 {[%emt 0:00:07]} 47. h4 {[%emt 0:00:15]} gxh4 {[%emt 0:00:09]} 48. a4 {[%emt 0:00:02]} Kd2 {[%emt 0:00:08]} 49. a5 {[%emt 0:00:03]} Qb7+ {[%emt 0:00:02]} 50. Ka3 {[%emt 0:00:27]} Kc2 {[%emt 0:00:03]} 51. a6 {[%emt 0:00:16]} Qb3# {[%emt 0:00:04]} 0-1

[Event "Caplin British Online-ch Women 2020"]
[Site "Online"]
[Date "2020.12.30"]
[Round "7.7"]
[White "Lowry-O`Reilly, Hannah"]
[Black "Posadas, Rayelynn"]
[Result "0-1"]
[WhiteElo "1708"]
[BlackElo "1703"]
[Annotator "NA RC"]
[PlyCount "102"]
[EventDate "2020.12.21"]
[EventType "swiss"]
[EventCountry "NET"]
[SourceTitle "playchess.com"]
[Source "ChessBase"]
[SourceQuality "1"]

1. d4 {[%emt 0:00:02]} Nf6 {[%emt 0:00:04]} 2. c4 {[%emt 0:00:03]} g6 {[%emt 0:00:02]} 3. Bf4 {[%emt 0:01:00]} Bg7 {[%emt 0:00:02]} 4. e3 {[%emt 0:00:04]} d6 {[%emt 0:00:15]} 5. Nc3 {[%emt 0:00:25]} O-O {[%emt 0:00:14]} 6. Bd3 {[%emt 0:00:19]} a5 {[%emt 0:00:21]} 7. Nge2 {[%emt 0:03:26]} Re8 {[%emt 0:00:04]} 8. O-O {[%emt 0:00:02]} e5 {[%emt 0:01:22]} 9. Bg5 {[%emt 0:02:50]} h6 {[%emt 0:00:03]} 10. Bh4 {[%emt 0:00:36]} g5 {[%emt 0:00:03]} 11. Bg3 {[%emt 0:00:02]} Nh5 {[%emt 0:00:01]} 12. Qc2 {[%emt 0:01:53]} Na6 {[%emt 0:00:14]} 13. a3 {[%emt 0:03:41]} c6 {[%emt 0:04:38]} 14. Rad1 {[%emt 0:03:45]} Qe7 {[%emt 0:04:37]} 15. Rfe1 {[%emt 0:01:16]} Qf8 {[%emt 0:01:00]} 16. Qb1 {[%emt 0:01:36]} Nc7 {[%emt 0:05:23]} 17. d5 {[%emt 0:02:17]} f5 {[%emt 0:05:00]} 18. f4 {[%emt 0:02:04]} e4 {[%emt 0:06:00]} 19. Bc2 {[%emt 0:00:03]} Nxg3 {[%emt 0:00:03]} 20. Nxg3 {[%emt 0:01:56]} gxf4 {[%emt 0:00:51]} 21. exf4 {[%emt 0:00:22]} c5 {[%emt 0:00:16]} 22. Nce2 {[%emt 0:01:44]} Qf7 {[%emt 0:06:03]} 23. b4 {[%emt 0:03:26]} b6 {[%emt 0:00:02]} 24. bxc5 {[%emt 0:00:32]} bxc5 {[%emt 0:00:09]} 25. Qb3 {[%emt 0:02:04]} Kh8 {[%emt 0:02:47]} 26. Kh1 {[%emt 0:00:34]} Rg8 {[%emt 0:00:49]} 27. Qb6 {[%emt 0:04:20]} Ra6 {[%emt 0:01:46]} 28. Qb3 {[%emt 0:00:54]} Ne8 {[%emt 0:00:47]} 29. Rb1 {[%emt 0:01:06]} Nf6 {[%emt 0:00:15]} 30. h3 {[%emt 0:01:17]} Bf8 {[%emt 0:03:25]} 31. Qb8 {[%emt 0:00:56]} Be7 {[%emt 0:00:04]} 32. Qb2 {[%emt 0:00:28]} Kh7 {[%emt 0:01:53]} 33. Qc3 {[%emt 0:00:26]} h5 {[%emt 0:00:51]} 34. Rg1 {[%emt 0:00:52]} h4 {[%emt 0:00:32]} 35. Nf1 {[%emt 0:00:26]} Nh5 {[%emt 0:00:17]} 36. Ne3 {[%emt 0:02:40]} Bf6 {[%emt 0:01:43]} 37. Qd2 {[%emt 0:01:01]} Ng3+ {[%emt 0:00:35]} 38. Kh2 {[%emt 0:00:57]} Nxe2 {[%emt 0:00:48]} 39. Qxe2 {[%emt 0:00:02]} Bd4 {[%emt 0:00:01]} 40. Bd1 {[%emt 0:00:40]} Rg3 {[%emt 0:00:49]} 41. Nc2 {[%emt 0:01:54]} Bxg1+ {[%emt 0:00:10]} 42. Kxg1 {[%emt 0:00:01]} Qg6 {[%emt 0:00:08]} 43. Rb8 {[%emt 0:00:10]} Bd7 {[%emt 0:00:42]} 44. Rd8 {[%emt 0:00:23]} Ba4 {[%emt 0:00:23]} 45. Qd2 {[%emt 0:00:54]} Bxc2 {[%emt 0:00:07]} 46. Qxc2 {[%emt 0:00:03]} Ra7 {[%emt 0:00:01]} 47. Qe2 {[%emt 0:00:23]} Rg7 {[%emt 0:00:05]} 48. Qh5+ {[%emt 0:00:29]} Qxh5 {[%emt 0:00:01]} 49. Bxh5 {[%emt 0:00:01]} Rxg2+ {[%emt 0:00:01]} 50. Kh1 {[%emt 0:00:01]} Rg1+ {[%emt 0:00:03]} 51. Kh2 {[%emt 0:00:02]} R7g2# {[%emt 0:00:01]} 0-1

[Event "Caplin British Online-ch Women 2020"]
[Site "Online"]
[Date "2020.12.30"]
[Round "7.8"]
[White "Catabay, Mae Katelyn Rose"]
[Black "Rida, Ruqayyah"]
[Result "0-1"]
[WhiteElo "1215"]
[BlackElo "1474"]
[Annotator "NA RC"]
[PlyCount "116"]
[EventDate "2020.12.21"]
[EventType "swiss"]
[EventCountry "NET"]
[SourceTitle "playchess.com"]
[Source "ChessBase"]
[SourceQuality "1"]

1. e4 {[%emt 0:00:06]} e5 {[%emt 0:00:20]} 2. f4 {[%emt 0:00:21]} exf4 {[%emt 0:00:21]} 3. Nf3 {[%emt 0:00:09]} Nf6 {[%emt 0:00:12]} 4. Nc3 {[%emt 0:00:23]} d6 {[%emt 0:00:35]} 5. d4 {[%emt 0:00:42]} Nh5 {[%emt 0:00:25]} 6. Bc4 {[%emt 0:01:45]} Be7 {[%emt 0:00:38]} 7. Ng5 {[%emt 0:03:17]} Bxg5 {[%emt 0:01:36]} 8. Qxh5 {[%emt 0:00:20]} O-O {[%emt 0:00:15]} 9. O-O {[%emt 0:01:25]} g6 {[%emt 0:04:36]} 10. Qf3 {[%emt 0:02:19]} Nc6 {[%emt 0:00:33]} 11. Ne2 {[%emt 0:03:02]} Be6 {[%emt 0:06:27]} 12. Bxe6 {[%emt 0:01:27]} fxe6 {[%emt 0:00:20]} 13. Qg4 {[%emt 0:00:36]} Qe7 {[%emt 0:01:37]} 14. Bxf4 {[%emt 0:01:27]} Bxf4 {[%emt 0:00:50]} 15. Rxf4 {[%emt 0:00:53]} Rxf4 {[%emt 0:00:43]} 16. Qxf4 {[%emt 0:00:42]} Rf8 {[%emt 0:00:50]} 17. Qe3 {[%emt 0:02:53]} Nb4 {[%emt 0:01:36]} 18. Rf1 {[%emt 0:03:58]} Rxf1+ {[%emt 0:00:55]} 19. Kxf1 {[%emt 0:00:10]} Qf6+ {[%emt 0:00:36]} 20. Kg1 {[%emt 0:02:06]} Qh4 {[%emt 0:03:53]} 21. Ng3 {[%emt 0:01:53]} Qg4 {[%emt 0:03:46]} 22. Qd2 {[%emt 0:04:08]} Nc6 {[%emt 0:03:00]} 23. Qe2 {[%emt 0:02:18]} Qxe2 {[%emt 0:00:25]} 24. Nxe2 {[%emt 0:00:19]} Kf7 {[%emt 0:00:14]} 25. Kf2 {[%emt 0:00:06]} Nb4 {[%emt 0:00:47]} 26. c3 {[%emt 0:03:38]} Nd3+ {[%emt 0:00:23]} 27. Ke3 {[%emt 0:00:23]} Nxb2 {[%emt 0:00:21]} 28. Kd2 {[%emt 0:02:16]} Nc4+ {[%emt 0:00:50]} 29. Kd3 {[%emt 0:00:21]} b5 {[%emt 0:00:35]} 30. Nf4 {[%emt 0:04:07]} c6 {[%emt 0:04:10]} 31. d5 {[%emt 0:01:35]} Ne5+ {[%emt 0:01:21]} 32. Ke2 {[%emt 0:00:05]} exd5 {[%emt 0:00:37]} 33. exd5 {[%emt 0:00:09]} cxd5 {[%emt 0:00:13]} 34. Nxd5 {[%emt 0:00:05]} Nc6 {[%emt 0:01:14]} 35. a3 {[%emt 0:00:18]} a5 {[%emt 0:01:27]} 36. Nc7 {[%emt 0:02:33]} b4 {[%emt 0:00:34]} 37. axb4 {[%emt 0:00:17]} axb4 {[%emt 0:00:03]} 38. cxb4 {[%emt 0:00:26]} Nxb4 {[%emt 0:00:02]} 39. Nb5 {[%emt 0:00:09]} Ke6 {[%emt 0:00:52]} 40. Nc3 {[%emt 0:00:38]} Ke5 {[%emt 0:00:31]} 41. Ke3 {[%emt 0:00:25]} Nd5+ {[%emt 0:00:06]} 42. Nxd5 {[%emt 0:00:06]} Kxd5 {[%emt 0:00:01]} 43. Kd3 {[%emt 0:00:01]} Ke5 {[%emt 0:00:04]} 44. Ke3 {[%emt 0:00:02]} d5 {[%emt 0:00:01]} 45. Kd3 {[%emt 0:00:01]} d4 {[%emt 0:00:01]} 46. Kd2 {[%emt 0:00:02]} Ke4 {[%emt 0:00:02]} 47. Ke2 {[%emt 0:00:04]} d3+ {[%emt 0:00:01]} 48. Kd2 {[%emt 0:00:01]} Kd4 {[%emt 0:00:01]} 49. h3 {[%emt 0:01:07]} h6 {[%emt 0:00:25]} 50. g3 {[%emt 0:01:02]} Ke4 {[%emt 0:00:23]} 51. g4 {[%emt 0:00:06]} Kf3 {[%emt 0:00:13]} 52. Kxd3 {[%emt 0:00:04]} Kg3 {[%emt 0:00:01]} 53. Ke3 {[%emt 0:00:02]} Kxh3 {[%emt 0:00:02]} 54. Kf4 {[%emt 0:00:02]} Kh4 {[%emt 0:00:06]} 55. g5 {[%emt 0:00:37]} hxg5+ {[%emt 0:00:03]} 56. Kf3 {[%emt 0:00:03]} Kh3 {[%emt 0:00:01]} 57. Kf2 {[%emt 0:00:03]} g4 {[%emt 0:00:01]} 58. Kg1 {[%emt 0:00:04]} Kg3 {[%emt 0:00:02]} 0-1